| 000 | 01407nam0a2200349 i 4500 | ||
|---|---|---|---|
| 001 | RU\NLR\bibl\2082112 | ||
| 005 | 20241103131443.0 | ||
| 010 |
_a9785911347949 _bФОРУМ |
||
| 010 |
_a978-5-16-009084-9 _bИНФРА-М _91000 |
||
| 021 |
_aRU _b2013-71162 _94871 |
||
| 035 | _a(nilc)RuMoRGB-006642108 | ||
| 035 | _a(NLR Aleph) 002072993 | ||
| 090 |
_a4775175 _c4775175 |
||
| 100 | _a20130909d2014 u y0rusy50 ca | ||
| 101 | 0 | _arus | |
| 102 | _aRU | ||
| 105 | _ay zzzz||||| | ||
| 200 | 1 |
_aИнформатика _eучебник для студентов образовательных учреждений высшего образования _fС. Р. Гуриков |
|
| 210 |
_aМосква _cФорум _d2014 [т.е. 2013] |
||
| 215 |
_a460, [2] с. _cил., табл. _d24 |
||
| 300 | _aФактическая дата выхода в свет - 2013 | ||
| 320 | _aБиблиогр. в конце кн. | ||
| 606 |
_aИнформатика _jУчебники для высших учебных заведений _92081274 _3RU\NLR\auth\661257251 |
||
| 686 | _aЗ973.233я73-1 | ||
| 700 | 1 |
_aГуриков _bС. Р. _gСергей Ростиславович _4070 |
|
| 801 | 0 |
_aRU _bRuMoRKP _c20130909 _gRCR |
|
| 801 | 2 |
_aRU _bРГБ _c20130920 _grcr |
|
| 801 | 1 |
_aRU _bRuMoRKP _c20130909 _2rusmarc |
|
| 801 | 2 |
_aRU _bNLR _c20131014 _grcr |
|
| 942 | _cBOOK | ||
| 980 | _aNBR | ||